Packaging prototypes 2 : closures

Αποθηκεύτηκε σε:
Λεπτομέρειες βιβλιογραφικής εγγραφής
Κύριος συγγραφέας: Emblem, Anne
Άλλοι συγγραφείς: Emblem, Henry
Μορφή: Βιβλίο
Γλώσσα:English
Δημοσίευση: Crans-Près- Céligny : RotoVision, c2000.
Σειρά:Design fundamentals
Θέματα:
Ετικέτες: Προσθήκη ετικέτας
Δεν υπάρχουν, Καταχωρήστε ετικέτα πρώτοι!

MARC

LEADER 00000cam a2200000 i 4500
001 1/22190
008 011003s2000 sz | ||| |||| ||eng||
020 |a 2880465044 
035 |l 10067432 
040 |a GR-MyUa  |b gre  |e AACR2 
041 0 |a eng 
082 7 |a 688.8   |2 (21) 
100 1 |a Emblem, Anne. 
245 1 0 |a Packaging prototypes 2 :   |b closures /   |c Anne and Henry Emblem.  
260 |a Crans-Près- Céligny :   |b RotoVision,   |c c2000.  
300 |a 160 σ.   |b εικ. ;   |c 28 εκ. +   |e 1 δισκέτα λέιζερ Η/Υ (4 3/4 ίν.)  
490 1 |a (Design fundamentals) 
500 |a Περιλαμβάνει ευρετήριο.  
650 0 |a Containers  |x Design. 
650 0 |a Packaging  |x Design. 
650 0 |a Sealing (Technology) 
700 1 |a Emblem, Henry. 
830 0 |a Design fundamentals 
852 |a INST  |b SYROS  |e 20011003  |h 688.8 EMB  |p 005500001083  |q 005500001083  |t BK  |y 0 
852 |a INST  |b SYROS  |e 20011003  |h 688.8 EMB  |p 005500001084  |q 005500001084  |t BK  |y 0 
852 |a INST  |b SYROS  |e 20011003  |h 688.8 EMB   |p 005500000988  |q 005500000988  |t BK  |y 0 
852 |a INST  |b SYROS  |e 20011003  |h 688.8 EMB   |p 005500000989  |q 005500000989  |t BK  |y 0 
901 |a BIBL5-2001-3 
922 |a 5ΕΛΗ  |b 200108  |c ΠΚΣ2/183  |d Παπασωτηρίου 
970 |a Κρητικού  |b Θωμαΐς  |z 03/10/2001